000 00613nam a2200229Ia 4500
003 OSt
005 20220926030849.0
006 a|||||r|||| 00| 0
007 ta
008 220923b |||||||| |||| 00| 0 eng d
037 _cGeneral Book
040 _aRTL
_cRTL
_beng
041 _2eng
_aeng
082 _aQ29M5, J7
100 _aCharan Singh Maharaj
_9237589
245 0 _aDivine light
260 _aPunjab
_bRadha Soami Satsang India
_c1957
300 _axi,378p
_ccm.
650 _aHinduism
_98459
942 _hQ29M5, J7
_cGB
_2CC
999 _c650916
_d650916